Everything you need to know about geography homework : (Record no. 5807)

MARC details
000 -LEADER
fixed length control field 01121nam a22002657a 4500
001 - CONTROL NUMBER
control field 5807
003 - CONTROL NUMBER IDENTIFIER
control field FISKH
005 - DATE AND TIME OF LATEST TRANSACTION
control field 20250123093422.0
008 - FIXED-LENGTH DATA ELEMENTS--GENERAL INFORMATION
fixed length control field 250123b cb ||||| |||| 00| 0 eng d
020 ## - INTERNATIONAL STANDARD BOOK NUMBER
International Standard Book Number 9780590341721
040 ## - CATALOGING SOURCE
Original cataloging agency FISKH
Language of cataloging eng
Transcribing agency FISKH
Modifying agency FISKH
050 ## - LIBRARY OF CONGRESS CALL NUMBER
Classification number G133.Z46
082 ## - DEWEY DECIMAL CLASSIFICATION NUMBER
Classification number 910
100 ## - MAIN ENTRY--PERSONAL NAME
Personal name Zeman, Anne
245 ## - TITLE STATEMENT
Title Everything you need to know about geography homework :
Remainder of title A desk reference for students and parents /
Statement of responsibility, etc. by Anne Zeman and Kate Kelly
250 ## - EDITION STATEMENT
Edition statement First Scholastic printing, February 1997
260 ## - PUBLICATION, DISTRIBUTION, ETC.
Place of publication, distribution, etc. New York :
Name of publisher, distributor, etc. Scholastic ,
Date of publication, distribution, etc. 1997 .
300 ## - PHYSICAL DESCRIPTION
Extent 133 pages :
Other physical details color illustrations, maps ;
Dimensions 28 cm .
490 ## - SERIES STATEMENT
Series statement Evertything You Need To Know...
520 ## - SUMMARY, ETC.
Summary, etc. A reference guide about geography for upper elementary and middle school students and their parents, providing answers to students' most frequently asked questions about a variety of topics which include latitude and longitude, maps and globes, bodies of water, and world cultures.
650 ## - SUBJECT ADDED ENTRY--TOPICAL TERM
Topical term or geographic name entry element Geography
Form subdivision Juvenile literature
700 ## - ADDED ENTRY--PERSONAL NAME
Personal name Kelly , Kate
Relator term author
942 ## - ADDED ENTRY ELEMENTS (KOHA)
Source of classification or shelving scheme Dewey Decimal Classification
Koha item type Books
Suppress in OPAC No
Holdings
Withdrawn status Lost status Source of classification or shelving scheme Damaged status Not for loan Collection Home library Current library Shelving location Date acquired Total Checkouts Full call number Barcode Date last seen Price effective from Koha item type
    Dewey Decimal Classification     Non-Fiction Footprints International School Library Network Toul Kork Campus Footprints International School Library Network Toul Kork Campus TTP Secondary Non-Fiction Bookshelves 01/23/2025   ZEM 910 G133.Z46 FIS01271 01/23/2025 01/23/2025 Books